Unexpected Clothing Labels Quiz Stats

Quiz Updated Feb 6, 2016

Challenge
Share
Tweet
Score 0/16 Timer 10:00
5 Plays Today
% Correct
Vote
96.9%
Date
95.3%
Worst
93.8%
Force
92.7%
Smile
92.3%
Dirty
90%
Eat
89.7%
You
88.6%
% Correct
You
87.3%
After
83.6%
Spoon
83%
Smaller
82.3%
Guy
78.8%
Animals
77%
Earth
73.4%
Recipe
62.9%

You're not logged in!

Compare scores with friends on all Sporcle quizzes.
Join for Free
OR
Log In

You Might Also Like...

Show Comments

Extras

Top Quizzes Today


Score Distribution

Your Account Isn't Verified!

In order to create a playlist on Sporcle, you need to verify the email address you used during registration. Go to your Sporcle Settings to finish the process.

Report this User

Report this user for behavior that violates our Community Guidelines.

Details: